A history of Germany /

Dettagli Bibliografici
Autore principale: Tenbrock, Robert Hermann
Altri autori: Dine, Paul J.
Natura: Libro
Lingua:English
Pubblicazione: Munchen, Paderborn ; Hueber ; Schoningh, 1968.
Soggetti:
Classic Catalogue: View this record in Classic Catalogue
LEADER 00944nam a22002417a 4500
001 42336
003 BD-DhAAL
005 20240324110930.0
008 240229t1968 gw ab||| |||| 001 0 eng d
040 |a BD-DhAAL  |d BD-DhAAL 
082 |a  943 
100 |a Tenbrock, Robert Hermann.  |9 56077 
245 |a A history of Germany /  |c Robert-Hermann Tenbrock; Translated from the German by Paul J. Dine. 
260 |a Munchen,  |b Hueber ;  |a Paderborn ;  |b Schoningh,  |c 1968. 
300 |a 335 pages :  |b illustrations ;  |c 24 cm. 
500 |a Translation of Geschichte Deutschlands. 
500 |a Includes index.  
541 |a Donated By Rebecca Dipa Khan   |e 42336 
651 |a Germany  |x History. 
700 |a Dine, Paul J.  |9 56078 
942 |2 ddc  |c BK 
999 |c 46429  |d 46429 
952 |0 0  |1 0  |2 ddc  |4 0  |6 943_000000000000000_TEN  |7 0  |9 75191  |a BRACUL  |b BRACUL  |c GEN  |d 2024-02-29  |e Donated By Rebecca Dipa Khan  |l 1  |m 8  |o 943 TEN  |p 3010042336  |r 2024-09-26  |s 2024-07-08  |t 1  |w 2024-02-29  |y BK